000
00239nam a2200097Ia 4500
001
807732
005
20250826171236.0
008
250824s9999 xx 000 0 und d
245
0
_a
YALNIZ DEĞİLSİN
_c
ALEV ALATLI
260
_b
DESTEK YAYINLARI
999
_c
807732
_d
807732